000 00953nam a2200253 a 4500
001 000024707
003 DO-SdBNP
005 20250704101348.0
008 110131s2000 mx r 000 | spa d
020 _a9687742984
040 _aDO-SdBNP
_bspa
_cBNPHU
049 _aBNGR
082 4 _a370.15
_bS235d
_222
100 1 _aSantiago Alzueta, Héctor Luis
_950679
245 1 3 _aEl dilema de la pedagogía :
_b¿arte o ciencia? : un análisis epistemológico del debate mexicano sobre el estatuto de la pedagogía a fines del siglo XIX /
_cHéctor Luis Santiago Alzueta; prólogo Sara Irma Juárez Páez.
260 _aMéxico, D.F. :
_bUniversidad Pedagógica Nacional,
_c2000.
300 _a116 p. ;
_c22 cm.
490 1 _aTextos
_v16
650 4 _aEducación
_xFilosofía
_zMéxico
_93186
650 4 _aEducación
_xHistoria
_zMéxico
_950681
700 1 _aJuárez Páez, Sara Irma,
_epról.
_950682
830 3 _aTextos ;
_v16
_914460
942 _2ddc
_cLBS1
999 _c24200
_d24200